000 00280nam a22001337a 4500
008 170815b xxu||||| |||| 00| 0 eng d
020 _a2900534494239
041 _aeng
080 _a51
100 _a36
101 _aMAT
245 _aTRIGONOMETRY
_cSMITH,K.J
942 _2udc
_cBK
999 _c23457
_d23457